000 00306nam a2200133Ia 4500
003 GCL
008 140319s9999 xx 000 0 ara d
040 _aGCL /
_cGCL
082 0 4 _a813.03
_bس ب
245 1 0 _aبريق عينيك
260 _a[S.N] :
_bزهير بعلبكى
300 _a365 ص
490 _a
999 _c54939
_d54939